000
00395nam a22001097a 4500
082
_a
928/UPA
100
_a
धामा, तेजपाल सिंह
_9
76373
245
_a
पंडित दीनदयाल उपाध्याय
260
_a
दिल्ली
_b
विनोद बुक हाउस
_c
2021
650
_a
साहित्यकार
_9
81584
942
_c
BK
999
_c
65656
_d
65656